logo

Bir Sreshtho Munshi Abdur Rouf Library
Jhenaidah Cadet College

Heidi / (Record no. 1894)

MARC details
000 -LEADER
fixed length control field 00560nam a2200229 a 4500
001 - CONTROL NUMBER
JCCL Control Number 1894
003 - CONTROL NUMBER IDENTIFIER
JCCL marc code BD-JhCC
005 - DATE AND TIME OF LATEST TRANSACTION
control field 20200402134008.0
008 - FIXED-LENGTH DATA ELEMENTS--GENERAL INFORMATION
fixed length control field 171026s2007 i a|||| ||a| 000 0 eng d
020 ## - INTERNATIONAL STANDARD BOOK NUMBER
International Standard Book Number 108184080948
035 ## - SYSTEM CONTROL NUMBER
system control number (BD-JhCC) 1894
040 ## - CATALOGING SOURCE
Original cataloging agency BD-JhCC
Modifying agency BD-JhCC
041 ## - LANGUAGE CODE
Language code of Book eng
082 ## - DEWEY DECIMAL CLASSIFICATION NUMBER
Classification number 823.914
Author mark and Year SPY 2007
100 ## - MAIN ENTRY--PERSONAL NAME
Personal name Spyri, Johanna
245 ## - TITLE STATEMENT
Title Heidi /
Statement of responsibility, etc Johanna Spyri
260 ## - PUBLICATION, DISTRIBUTION, ETC. (IMPRINT)
Place of publication, distribution, etc India :
Name of publisher, distributor, etc Indina Publishing House ,
Date of publication, distribution, etc 2007
300 ## - PHYSICAL DESCRIPTION
Pagination 238 p .:
Dimensions 20 cm .
650 ## - SUBJECT ADDED ENTRY--TOPICAL TERM
Topical term or geographic name as entry element Mountain life
942 ## - ADDED ENTRY ELEMENTS (KOHA)
Source of classification or shelving scheme Dewey Decimal Classification
Koha item type Books
Koha issues (borrowed), all copies 2
Holdings
Source of classification or shelving scheme Damaged status Not for loan Home library Current library Shelving location Date of accession Total Checkouts Full call number Barcode Date last seen Date checked out Copy number Koha item type
Dewey Decimal Classification     JCC Rouf Library JCC Rouf Library General Stacks 10/26/2017 2 823.914 SPY 2007 3379 07/30/2025 07/16/2025 C-1 Books
Dewey Decimal Classification     JCC Rouf Library JCC Rouf Library General Stacks 01/31/2018 1 823.914 SPY 2007 9424 07/23/2025 07/02/2025 C-2 Books

JCC Library | Contacts | JCC Home

Last Update on 23 September 2017
Copyright @ 2017-2020 JCC Rouf Library
Rouf Library, Jhenidah Cadet College (JCC), Bangladesh